| 000 | 00710nam a2200265 a 4500 | ||
|---|---|---|---|
| 005 | 20151123023426.0 | ||
| 008 | 140220b1994 ck ||||| |||| 00| 0 spa d | ||
| 040 |
_aCO-BoIAVH _cCO-BoIAVH |
||
| 041 | _aspa | ||
| 044 | _ack | ||
| 090 |
_aLB _b00245 |
||
| 100 |
_aCastillo González, Amparo _97121 |
||
| 245 | _aRegión de la Orinoquia | ||
| 260 |
_aBogotá _bICN _c1994? |
||
| 300 | _a57 p. | ||
| 650 |
_aInventarios floristicos _97117 |
||
| 650 |
_aDiversidad Génerica _942544 |
||
| 650 |
_aDiversidad Especifica _942545 |
||
| 650 |
_aGéneros _942492 |
||
| 650 |
_aComunidades Vegetales _933784 |
||
| 650 |
_aBosques _942547 |
||
| 651 |
_aOrinoquia _942548 |
||
| 662 | _aColombia | ||
| 942 |
_cINFORME _2z |
||
| 999 |
_c265 _d265 |
||